000 00454nam a2200133Ia 4500
008 170221s9999 xx 000 0 und d
100 _aSuzanne N. Cory
245 4 _aThe marketing major and Hispanic students: An occupational stereotype?
245 _cSuzanne N. Cory, St. Mary’s University.
260 _bJournal of Management and Marketing Research
260 _c2011
650 _xBusiness
856 _uhttp://www.aabri.com/manuscripts/141901.pdf
999 _c309822
_d309822